| 000 | 01006nam a2200217 i 4500 | ||
|---|---|---|---|
| 001 | 114880 | ||
| 003 | ES-MaACL | ||
| 005 | 20230906190255.0 | ||
| 007 | t| | ||
| 008 | 070206s1924 sp ||||1| spa d | ||
| 100 | 1 |
_aLatorre, Germán. _970531 |
|
| 245 | 1 | 3 |
_aEl panamericanismo y el porvenir de la América Española _b: Memoria que obtuvo el premio del conde de Torreánaz concedido por la Real Academia de Ciencias Morales y Politicas, en el concurso respectivo al trienio de 1920-23 / _cescrita por Gérman Latorre y Setién. |
| 250 | _a2ª ed. | ||
| 260 |
_aSevilla : _b[s.n], _c1924 ( _eTip. Zarzuela) |
||
| 300 |
_a115 p. ; _c24 cm. |
||
| 490 | 1 |
_aPublicaciones del Centro Oficial de Estudios Americanistas de Sevilla . Biblioteca colonial americana ; _vv. 13 |
|
| 650 | 1 | 4 |
_aPanamericanismo. _915812 |
| 830 | 0 |
_aPublicaciones del Centro Oficial de Estudios Americanistas de Sevilla . Biblioteca colonial americana ; _vv. 13 _9185793 |
|
| 852 |
_aES-MaACL _jE-4446-bis |
||
| 999 |
_c114880 _d114880 |
||